Statistics for Countries of the Americas with the Youngest Population

Click here to take the quiz!

General Stats

  • This quiz has been taken 59 times
  • The average score is 8 of 10

Answer Stats

Average ageYoung Country% Correct
23.0Haiti
91%
26.0Jamaica
83%
23.0Honduras
80%
25.7Nicaragua
78%
28.0Peru
78%
27.1El Salvador
76%
28.2Paraguay
76%
27.7Ecuador
72%
26.2Guyana
72%
22.7Belize
67%

Score Distribution

Percentile by Number Answered

Percent of People with Each Score

Your Score History

You have not taken this quiz